Stop falling for it (Record no. 73882)
[ view plain ]
| 000 -LEADER | |
|---|---|
| fixed length control field | 00966cam a2200193 4500 |
| 001 - CONTROL NUMBER | |
| control field | ABS67256 |
| 008 - FIXED-LENGTH DATA ELEMENTS--GENERAL INFORMATION | |
| fixed length control field | 031127n2003 000 0 eng u |
| 035 ## - SYSTEM CONTROL NUMBER | |
| System control number | (Sirsi) u124503 |
| 100 ## - MAIN ENTRY--PERSONAL NAME | |
| Personal name | Dyer, C. |
| 245 ## - TITLE STATEMENT | |
| Title | Stop falling for it |
| 260 ## - PUBLICATION, DISTRIBUTION, ETC. | |
| Date of publication, distribution, etc. | 2003 |
| 490 ## - SERIES STATEMENT | |
| Series statement | Health and Safety Bulletin |
| Volume/sequential designation | (323) November 2003, 21-23(3) |
| 520 ## - SUMMARY, ETC. | |
| Summary, etc. | Reports on research that aims to give companies practical tools to control the risks of falls from height, which is the commonest cause of UK workplace deaths. Looks at how the causes of falls can be split into where and how, and why. Highlights how improvements can be made in compliance, which can also lead to economic benefits. Tables deal with statistics dividing falls into categories of fatal injuiries, major injuries and over-three-day injuries and provide a risk control toolkit. |
| 590 ## - LOCAL NOTE (RLIN) | |
| Local note | ABS |
| 650 ## - SUBJECT ADDED ENTRY--TOPICAL TERM | |
| Topical term or geographic name entry element | WORKPLACE ACCIDENTS |
| 650 ## - SUBJECT ADDED ENTRY--TOPICAL TERM | |
| Topical term or geographic name entry element | RISK CONTROL |
| 690 ## - LOCAL SUBJECT ADDED ENTRY--TOPICAL TERM (OCLC, RLIN) | |
| Topical term or geographic name as entry element | Health and safety |
| 9 (RLIN) | 6244 |
| 942 ## - ADDED ENTRY ELEMENTS (KOHA) | |
| Suppress in OPAC | 0 |
| Withdrawn status | Lost status | Source of classification or shelving scheme | Damaged status | Not for loan | Home library | Current library | Shelving location | Date acquired | Total Checkouts | Full call number | Barcode | Date last seen | Copy number | Price effective from | Koha item type |
|---|---|---|---|---|---|---|---|---|---|---|---|---|---|---|---|
| Dewey Decimal Classification | London | London | Journal article | 27/11/2003 | ABS67256 | 124503-1001 | 06/08/2019 | 1 | 06/08/2019 | Journal article |